Hackear al hacker. Aprende de los expertos que derrotan a los hackers
Guardat en:
| Autor principal: | |
|---|---|
| Format: | Desconegut |
| Idioma: | anglès |
| Publicat: |
Barcelona, España
Marcombo
2018
|
| Matèries: | |
| Etiquetes: |
Afegir etiqueta
Sense etiquetes, Sigues el primer a etiquetar aquest registre!
|
MARC
| LEADER | 00000 a2200000 4500 | ||
|---|---|---|---|
| 003 | CL-VaPUC | ||
| 005 | 20201217100610.0 | ||
| 008 | 201215b ||||| |||| 00| 0 eng d | ||
| 999 | |c 432313 |d 432311 | ||
| 020 | |a 9788426726797 | ||
| 040 | |c Pontificia Universidad Católica de Valparaíso | ||
| 082 | |a 005.87 GRI 2018 |2 23 | ||
| 100 | |a Grimes, Roger A. |9 858580 | ||
| 245 | |a Hackear al hacker. |b Aprende de los expertos que derrotan a los hackers | ||
| 260 | |a Barcelona, España |b Marcombo |c 2018 | ||
| 300 | |a 306 páginas | ||
| 583 | |k Hugo Gaete |c 20201216 | ||
| 650 | |a Hacker |9 858701 | ||
| 650 | |a Hackear |9 858702 | ||
| 650 | |a Seguridad informática |9 469130 | ||
| 852 | |a BIBCUR | ||
| 942 | |2 ddc |c BK | ||
| 952 | |0 0 |1 0 |2 ddc |4 0 |6 005_870000000000000_GRI_2018 |7 0 |8 A |9 577147 |a BIBING |b BIBING |d 2020-12-15 |e 82 |g 15457.00 |i 5580048 |l 3 |m 3 |o 005.87 GRI 2018 |p 5580048 |r 2025-01-20 |s 2024-11-07 |t 1 |v 15457.00 |w 2020-12-15 |y BK |k CCI | ||
| 952 | |0 0 |1 0 |2 ddc |4 0 |6 005_870000000000000_GRI_2018 |7 0 |8 A |9 577148 |a BIBING |b BIBING |d 2020-12-15 |e 82 |g 15457.00 |i 5580056 |l 5 |m 6 |o 005.87 GRI 2018 |p 5580056 |r 2025-01-20 |s 2023-10-17 |t 2 |v 15457.00 |w 2020-12-15 |y BK |k CCI | ||